[Event "IX EICC T/B WChQual"]
[Site "Plovdiv BUL"]
[Date "2008.05.03"]
[Round "1.3"]
[White "Mamedov,Rau"]
[Black "Andreikin,D"]
[Result "0-1"]
[WhiteElo "2617"]
[BlackElo "2580"]
[EventDate "2008.05.03"]

1. d4 Nf6 2. c4 e6 3. Nf3 b6 4. a3 Bb7 5. e3 d5 6. cxd5 exd5 7. Bd3 Bd6 8.
O-O Nbd7 9. Nc3 a6 10. h3 O-O 11. Re1 Re8 12. Bd2 Ne4 13. Rc1 Ndf6 14. Qe2
Qe7 15. Red1 h6 16. Be1 Kh8 17. Bb1 Kg8 18. Qc2 Rac8 19. Nxe4 Nxe4 20. Nd2
Nf6 21. Nf3 Ne4 22. Qb3 Ba8 23. Bd3 a5 24. Bb5 Red8 25. Ba6 Rb8 26. Bb5 Qe6
27. Bd3 c5 28. Qc2 Rbc8 29. Qe2 c4 30. Bb1 b5 31. Bxa5 Re8 32. Be1 Rb8 33.
Nd2 f5 34. Nf3 Qg6 35. Bb4 Bc7 36. Ne5 Bxe5 37. dxe5 d4 38. exd4 Nc3 39.
Qf1 Ne2+ 40. Kh1 Qh5 41. Kh2 0-1

[Event "IX EICC T/B WChQual"]
[Site "Plovdiv BUL"]
[Date "2008.05.03"]
[Round "1.3"]
[White "Markowski,T"]
[Black "Efimenko,Z"]
[Result "0-1"]
[WhiteElo "2598"]
[BlackElo "2660"]
[EventDate "2008.05.03"]

1. g3 Nf6 2. Bg2 g6 3. c4 Bg7 4. Nc3 O-O 5. d3 d6 6. e4 c5 7. Nge2 Nc6 8.
O-O Bd7 9. Rb1 a6 10. a3 a5 11. h3 Ne8 12. Be3 Nd4 13. b4 axb4 14. axb4 b6
15. Kh2 Nc7 16. f4 Nxe2 17. Nxe2 Na6 18. b5 Nb4 19. Nc1 Ra3 20. Rb3 Ra1 21.
Qd2 Qa8 22. d4 Qa4 23. Rb2 Ra3 24. Bf2 Be6 25. d5 Bd7 26. e5 dxe5 27. Rb1
Bf5 28. Rxb4 Qxb4 29. Qxb4 cxb4 30. Bxb6 exf4 31. gxf4 b3 32. Bc5 b2 0-1

[Event "IX EICC T/B WChQual"]
[Site "Plovdiv BUL"]
[Date "2008.05.03"]
[Round "1.3"]
[White "Vajda,L"]
[Black "Papaioannou,I"]
[Result "1/2-1/2"]
[WhiteElo "2582"]
[BlackElo "2566"]
[EventDate "2008.05.03"]

1. e4 d5 2. exd5 Qxd5 3. Nc3 Qa5 4. d4 Nf6 5. Bd2 Bg4 6. f3 Bf5 7. Bc4 Qb6
8. Nge2 e6 9. O-O c6 10. Kh1 Be7 11. Bb3 O-O 12. Be3 Nbd7 13. Ng3 Bg6 14.
Nce4 Qc7 15. c3 c5 16. Qd2 Rad8 17. Rad1 cxd4 18. cxd4 Nd5 19. Rc1 Qb6 20.
Bf2 Bb4 21. Qd1 N7f6 22. Nc5 Nf4 23. Ne2 Bxc5 24. Rxc5 Qxc5 25. dxc5 Rxd1
26. Bxd1 Bd3 27. Re1 Bxe2 28. Bxe2 Nxe2 29. Rxe2 Rd8 30. g3 Rd1+ 31. Kg2
Nd5 32. a3 a5 33. Rc2 h5 34. f4 Kh7 35. Kf3 Rd3+ 36. Ke2 Rb3 37. Be1 a4 38.
Bd2 Kg6 39. Bc1 Kf5 40. Rc4 h4 41. Rxa4 hxg3 42. hxg3 Rxg3 43. Ra7 Ke4 44.
Rxb7 Rg2+ 45. Kf1 Rc2 46. b4 Rxc1+ 47. Kg2 Nxf4+ 48. Kg3 Rg1+ 49. Kf2 Rg2+
50. Kf1 Rc2 51. Rxf7 Kf3 52. Ke1 Ke3 53. Kd1 Rd2+ 54. Kc1 Ne2+ 55. Kb1 Nc3+
56. Kc1 Ne2+ 1/2-1/2